| 000 | 00390nam a2200145Ia 4500 | ||
|---|---|---|---|
| 008 | 240719s9999 xx 000 0 und d | ||
| 041 | _aeng | ||
| 082 | _a641.5 DEA | ||
| 100 | _aSheremet, Dean | ||
| 245 | _aEat Your Heart Out The Look Good, Feel Good, Silver | ||
| 260 |
_aNew York _bWoodstock _c2016 |
||
| 300 | _a256;. P 27 Cm | ||
| 365 |
_c _b25.95 |
||
| 520 | _aGifted By : IMT Faculty | ||
| 999 |
_c41362 _d41362 |
||